[Event "NED-ch U16 op"]
[Site "Borne"]
[Date "2019.08.10"]
[Round "9"]
[White "Nopper, Louis"]
[Black "Borgelioen, Elise"]
[Result "1-0"]
[WhiteElo "1579"]
[BlackElo "1342"]
[PlyCount "61"]
[EventDate "2019.08.05"]
[EventType "swiss"]
[EventRounds "9"]
[EventCountry "NED"]
[SourceTitle "EXT 2020"]
[Source "ChessBase"]
[SourceDate "2019.10.17"]
[SourceVersion "1"]
[SourceVersionDate "2019.10.17"]
[SourceQuality "1"]

1. c4 e5 2. Nc3 Nc6 3. e3 Nf6 4. Nf3 Bb4 5. Qc2 Bxc3 6. bxc3 0-0 7. d4 d6 8. Bd2 Bg4 9. Be2 e4 10. Ng1 Bf5 11. h4 Ne7 12. Nh3 Ng6 13. h5 Ne7 14. Nf4 c6 15. Rg1 h6 16. g4 Bh7 17. Bf1 d5 18. c5 Nc8 19. Qa4 Qd7 20. Bh3 Qc7 21. g5 hxg5 22. Rxg5 b6 23. 0-0-0 bxc5 24. Rdg1 g6 25. hxg6 fxg6 26. Nxg6 Bxg6 27. Rxg6+ Kh8 28. Rh6+ Nh7 29. Be6 Ne7 30. Rgh1 Qd8 31. Rxh7# 1-0

[Event "NED-ch U16 op"]
[Site "Borne"]
[Date "2019.08.07"]
[Round "4"]
[White "Tiggelman, Laura"]
[Black "Nopper, Louis"]
[Result "0-1"]
[WhiteElo "1436"]
[BlackElo "1579"]
[PlyCount "69"]
[EventDate "2019.08.05"]
[EventType "swiss"]
[EventRounds "9"]
[EventCountry "NED"]
[SourceTitle "EXT 2020"]
[Source "ChessBase"]
[SourceDate "2019.10.17"]
[SourceVersion "1"]
[SourceVersionDate "2019.10.17"]
[SourceQuality "1"]

1. e4 d6 2. c3 Nf6 3. Nf3 Nxe4 4. Qa4+ Nc6 5. Qxe4 g6 6. d3 Bg7 7. g3 0-0 8. Bg2 Bf5 9. Qe2 e5 10. Nbd2 Re8 11. 0-0 Qd7 12. Re1 d5 13. Nh4 Bg4 14. Bf3 Be6 15. Nf1 f5 16. Rd1 d4 17. c4 a5 18. Bxc6 Qxc6 19. Nf3 Bd7 20. b3 Qd6 21. Bb2 c5 22. Qd2 Bc6 23. Ne1 Qc7 24. a3 e4 25. Nc2 b6 26. b4 a4 27. bxc5 bxc5 28. Rab1 Bb7 29. h4 Qc6 30. Ne1 e3 31. fxe3 Qh1+ 32. Kf2 dxe3+ 33. Nxe3 Bh6 34. N1g2 Qh2 35. Re1 0-1

[Event "NED-ch U16 op"]
[Site "Borne"]
[Date "2019.08.06"]
[Round "2"]
[White "Mainka, Alwin"]
[Black "Nopper, Louis"]
[Result "1-0"]
[WhiteElo "1989"]
[BlackElo "1579"]
[PlyCount "47"]
[EventDate "2019.08.05"]
[EventType "swiss"]
[EventRounds "9"]
[EventCountry "NED"]
[SourceTitle "EXT 2020"]
[Source "ChessBase"]
[SourceDate "2019.10.17"]
[SourceVersion "1"]
[SourceVersionDate "2019.10.17"]
[SourceQuality "1"]

1. e4 d6 2. d4 Nf6 3. Nc3 g6 4. Bc4 Bg7 5. f3 0-0 6. Be3 c6 7. Bb3 Qc7 8. Qe2 Nbd7 9. 0-0-0 b5 10. g4 e5 11. dxe5 Nxe5 12. h4 Nfxg4 13. fxg4 Bxg4 14. Qd2 Bxd1 15. Nxd1 h5 16. Bh6 a5 17. Bxg7 Kxg7 18. a3 Rfb8 19. Ne3 Qd7 20. Nh3 Ra7 21. Nf4 c5 22. Nxh5+ gxh5 23. Nf5+ Kf8 24. Qh6+ 1-0

[Event "NED-ch U16 op"]
[Site "Borne"]
[Date "2019.08.05"]
[Round "1"]
[White "Nopper, Louis"]
[Black "Warnaar, Mark"]
[Result "1-0"]
[WhiteElo "1579"]
[BlackElo "1175"]
[PlyCount "59"]
[EventDate "2019.08.05"]
[EventType "swiss"]
[EventRounds "9"]
[EventCountry "NED"]
[SourceTitle "EXT 2020"]
[Source "ChessBase"]
[SourceDate "2019.10.17"]
[SourceVersion "1"]
[SourceVersionDate "2019.10.17"]
[SourceQuality "1"]

1. c4 f6 2. Nc3 Kf7 3. d4 e6 4. Nf3 Bb4 5. Bd2 Ne7 6. a3 Bxc3 7. Bxc3 d5 8. e3 Re8 9. Bd3 Ng6 10. h4 h5 11. Qc2 Ne7 12. c5 Nbc6 13. b4 a6 14. a4 b6 15. 0-0 Bd7 16. b5 Nb8 17. c6 Bc8 18. Bb4 a5 19. Ba3 Rh8 20. Rae1 Rh6 21. Bxe7 Qxe7 22. e4 Qd6 23. exd5 Qxd5 24. Bc4 Qd6 25. Qb3 f5 26. Ng5+ Kf8 27. Bxe6 Bxe6 28. Nxe6+ Kf7 29. Nxc7+ Kf8 30. Re8# 1-0